[Event "Capablanca Memorial Elite 36th"]
[Site "Havana"]
[Date "2001.05.07"]
[Round "3"]
[White "Vallejo Pons, Francisco"]
[Black "Nogueiras Santiago, Jesus"]
[Result "1-0"]
[WhiteElo "2559"]
[BlackElo "2557"]
[Annotator "Psakhis,L"]
[PlyCount "69"]
[EventDate "2001.05.05"]
[EventType "tourn"]
[EventRounds "12"]
[EventCountry "CUB"]
[EventCategory "13"]
[SourceTitle "CBM 084"]
[Source "ChessBase"]
[SourceDate "2001.09.13"]
[SourceVersion "1"]
[SourceVersionDate "2001.09.13"]
[SourceQuality "1"]

1. e4 e6 2. d4 d5 3. Nc3 Bb4 4. e5 Ne7 5. a3 Bxc3+ 6. bxc3 c5 7. Qg4 Kf8 {
Very popular move in modern practice ( to be honest I don't understand why!)}
8. Bd2 {Hoping to prevent black's counterplay on c line. Also white tried and
not without success} (8. a4) (8. h4) (8. Nf3) 8... Qc7 {[%cal Gc7c2]} (8... b6
9. h4 Ba6 10. Bxa6 Nxa6 11. h5 h6 12. Ne2 Rc8 13. Qf3 cxd4 14. cxd4 Qe8 15. Rh4
Rxc2 $6 16. Nc3 $1 Qc8 17. Qd3 Rb2 18. Nd1 Rxd2 19. Kxd2 $16 {1-0 Chandler,
M-Pert,N/London Chapman m 2000/ (39)}) 9. Bd3 b6 {Stronger than} (9... cxd4 10.
cxd4 b6 11. Ne2 Ba6 12. Nf4 Bxd3 13. cxd3 Qd7 14. Nh5 Rg8 15. a4 Nbc6 16. O-O
Qb7 17. Rfb1 Rc8 18. h3 Nf5 19. Bc1 $36 {[%cal Gc1a3] 1-0 Short,N-Levitt,J/
BCF-ch Torquay 1998 (37)}) 10. Nh3 {White tried also energetic} (10. h4 Ba6 11.
h5 h6 12. Rh3 {but Black managed to defend his monarch after} Bxd3 13. cxd3
Nbc6 14. Ne2 Kg8 15. Rf3 Rf8 16. Rf4 Na5 17. Rd1 c4 $1 18. Bc1 Nb3 19. Bb2 Qc6
$13 {0-1 Goloshchapov,A-Drozdovsky,Y/Ukraine 1998 (36)}) ({Black did well and
after} 10. Nf3 cxd4 11. cxd4 Ba6 12. Bb4 Bxd3 13. cxd3 Nbc6 14. Bd6 Qd7 15. O-O
Kg8 16. a4 h6 17. Qf4 Ng6 18. Qe3 Kh7 19. Nd2 Rhc8 $15 {0-1 Rudolf,H-Socko,B/
Polanica Zdroj op 2000/ (31)}) 10... Ba6 11. O-O (11. Nf4 $5) 11... Bxd3 12.
cxd3 Nd7 $6 $146 {Passive move! Good or bad, but Nogueiras should play} (12...
Nbc6 $5 {[%csl Rd4] organizing pressure on white pawns in the center of the
board, for example} 13. dxc5 $6 bxc5 14. Rfe1 Ng6 15. d4 c4 16. Ng5 Qd7 17. Re3
Kg8 18. Rf3 Rf8 19. Rb1 Nce7 20. h4 h6 21. h5 hxg5 22. Qxg5 Qc7 23. Rh3 Rb8 24.
Rxb8+ Qxb8 25. hxg6 Nxg6 26. Rxh8+ Kxh8 $15 {Gdanski,J-Socko,B/POL-ch Warsaw
2001/ /1/2-1/2 (62)}) 13. Nf4 {[%cal Gf4h5]} Qc6 14. Nh5 g6 $2 {Second and
already decisive mistake} (14... Ng6 15. f4 $16 {[%cal Rf4f5] looks terrible,
but}) (14... Nf5 $142 $5 15. Ng3 $5 Ne7 {black's position is still tough
enough.} (15... Nxg3 16. fxg3 {[%cal Gf1f8]}) 16. f4 $140 g6) 15. Bh6+ Ke8 16.
Ng7+ $1 Kd8 17. Qh4 {[%cal Rh4d8] A very annoying move !. Black's king is in
great danger and the very next move would be fatal for him.} Rg8 $8 18. Bg5
Rxg7 19. Bxe7+ Kc7 (19... Ke8 20. Qh6 Rg8 21. Bd6 Nf8 22. Qg5 Qd7 23. dxc5 bxc5
24. Bxc5 $18) 20. Qh6 Rgg8 (20... Rag8 $2 21. Bf6 $18) 21. Qxh7 $18 Rae8 22.
Qxf7 {White has huge material and positional advantage and rest is simple.} c4
23. dxc4 dxc4 24. a4 (24. h4 $5) 24... a6 (24... g5) 25. Rab1 Kb7 26. Rb4 Ka8
27. Bd6 g5 28. f3 Kb7 (28... g4 29. fxg4) 29. h3 Kc8 30. Rfb1 Rh8 (30... Kb7 $2
31. Rxb6+) 31. Qg6 Kb7 32. Rxb6+ $1 Qxb6 (32... Nxb6 33. a5) 33. Qe4+ Ka7 34.
Rxb6 Kxb6 (34... Nxb6 35. Bc5) 35. a5+ {Surely it was bad day for Nogueiras!} (
35. a5+ Ka7 (35... Kxa5 36. Qc6) 36. Qc6 $18) 1-0

[Event "FRA-ch"]
[Site "Aix les Bains"]
[Date "2003.08.24"]
[Round "7"]
[White "Fontaine, Robert"]
[Black "Apicella, Manuel"]
[Result "0-1"]
[WhiteElo "2541"]
[BlackElo "2522"]
[Annotator "Psakhis,L"]
[PlyCount "86"]
[EventDate "2003.08.18"]
[EventType "tourn"]
[EventRounds "11"]
[EventCountry "FRA"]
[EventCategory "13"]
[SourceTitle "CBM 097"]
[Source "ChessBase"]
[SourceDate "2003.11.11"]
[SourceVersion "1"]
[SourceVersionDate "2003.11.11"]
[SourceQuality "1"]

1. e4 e6 2. d4 d5 3. Nc3 Bb4 4. e5 Ne7 5. a3 Bxc3+ 6. bxc3 c5 7. Qg4 O-O 8. Bd3
f5 9. exf6 Rxf6 10. Bg5 Rf7 11. Qh4 g6 ({As usual Black played} 11... h6 $5 12.
Bxe7 Qxe7 13. Qxe7 Rxe7 14. Nf3 Nc6 $11 {with more or less eqal position, but
Apicella, a great expert of the French defence, preferes another line.}) 12.
Nf3 Nbc6 13. Bf6 ({White employed a different plan in the game Tancsa,
R-Popescu,D/Paks IM 2001 -} 13. Ne5 Nxe5 14. dxe5 c4 15. Be2 Qa5 16. O-O Nc6
17. Qg3 Qc5 18. h4 d4 19. Bf6 dxc3 20. h5 Nd4 21. Bd1 Nf5 22. Qg5 Bd7 23. hxg6
hxg6) 13... Qa5 $146 (13... Qf8 14. Ng5 Nf5 15. Bxf5 exf5 16. Nxf7 Qxf7 17. O-O
h6 18. Rfe1 g5 19. Qxh6 {1-0 Brunelli,G-Celestini,M/Gubbio op 1999 (19)}) 14.
O-O c4 15. Bxe7 (15. Ng5 {leads to interesting complications after} cxd3 16.
Nxf7 Kxf7 17. Bxe7 Nxe7 18. Qxh7+ Ke8 19. cxd3 Qxc3 $132) 15... Rxe7 16. Ne5 $5
(16. Be2 Qxc3) 16... Qc7 ({It is quite possible, that Black could play and} 
16... Re8 $5 17. Bxg6 $5 (17. Nxc6 bxc6 18. Bxg6 hxg6 19. Qf6 Qc7 20. Qxg6+ Kf8
$15) 17... hxg6 18. Nxg6 Kg7 19. Rae1 $5 $132) 17. Ng4 (17. Be2 Nxe5 18. dxe5
Rf7 $11) 17... Rg7 ({Worth considering brave} 17... cxd3 $5 {for example:} 18.
Qf6 h5 19. Qxg6+ Kf8 $8 (19... Rg7 $4 20. Nf6+ $18) 20. Qh6+ Ke8 21. Qxh5+ Kd8
22. cxd3 Qf4 $13 {After move in the game Black should play very accurately in
order not to get the worst position.}) 18. Be2 h5 $5 (18... Kh8 19. f4 $14 {
[%cal Gf1f3]}) 19. Ne3 (19. Nh6+ Kh7) 19... Bd7 (19... Qa5 $5) 20. f4 ({
Worth considering and} 20. Rab1 $5 b6 $140 21. f4 $14) 20... Qa5 $1 {[%csl Rc3]
} 21. Qe1 Rf8 22. Qd2 Rgf7 23. g3 Ne7 $1 $11 {[%cal Ge7c8,Gc8d6]} 24. Bf3 Nc8
25. Ng2 {[%cal Gg2h4,Gh4f3,Gf3e5]} Nd6 26. Nh4 Rf6 27. Rae1 $5 (27. Bg2 $5 Nb5
28. Rf3) 27... Nb5 $2 {Apicella cracks under pressure!} (27... Bc6 $142 $1 $13)
28. Re3 $2 {Playing pretty good and interesting chess up to here, White did
not bear the pressure of the struggle. Fontaine could play} (28. f5 $142 $1
Qxc3 (28... gxf5 $2 29. Qg5+ Kh7 30. Bxh5 $18) 29. Qxc3 Nxc3 30. Nxg6 $16 {
with clear advantage.}) 28... Qxa3 29. f5 (29. Bg2 Qb2 30. Nf3 a5 $1 31. Ne5
Be8 {[%csl Ga5][%cal Ga5a1]}) 29... gxf5 30. Bxh5 Qe7 {[%cal Ge7h7]} (30... Rh6
31. Be2 Nd6) 31. Ref3 ({The immediate} 31. Ng6 $2 {is bad because of} Rxg6 $1
32. Bxg6 Qg5 $19) 31... Qg7 32. Qf4 $2 (32. Rf4 $5 $17) 32... Rh6 33. Bg6 (33.
Bg4 Nxc3 $1 34. Rxc3 fxg4 $19) 33... Rxg6 34. Nxg6 Qxg6 $19 35. g4 {An attempt
to launch an attack, which is easily suppressed by black.} e5 $6 (35... Kf7 $5
36. Rg3 Qf6) 36. dxe5 $6 (36. Qxe5 $142 $1) 36... Nc7 37. e6 (37. Qg3 $5) 37...
Nxe6 {An optimal place for the knight.} 38. Qd6 Rf7 (38... Bc6 39. Re3 Rf6 $19)
39. Qb8+ Nf8 40. Qxa7 f4 $1 41. Rxf4 (41. h3 Ne6 42. Qb8+ Kh7 $19) 41... Bxg4
$1 42. Kh1 (42. Qe3 Bf3+ 43. Kf2 Rxf4) 42... Rxf4 43. Rxf4 Bf5 {[%cal Rf5e4]}
0-1

[Event "Alushta Autumn 1st"]
[Site "Alushta"]
[Date "2004.09.02"]
[Round "9"]
[White "Paramonov, Dimitriy"]
[Black "Neelotpal, Das"]
[Result "1/2-1/2"]
[WhiteElo "2362"]
[BlackElo "2448"]
[Annotator "Psakhis,L"]
[PlyCount "71"]
[EventDate "2004.08.28"]
[EventType "tourn"]
[EventRounds "15"]
[EventCountry "UKR"]
[EventCategory "9"]
[SourceTitle "CBM 103"]
[Source "ChessBase"]
[SourceDate "2004.11.11"]
[SourceVersion "1"]
[SourceVersionDate "2004.11.11"]
[SourceQuality "1"]

1. e4 e6 2. d4 d5 3. Nc3 Bb4 4. e5 Ne7 5. a3 Bxc3+ 6. bxc3 c5 7. Qg4 Qc7 {
A sharp line and black had many troubles in recent practice in getting a
comfortable position.} (7... O-O {is much more popular nowadays.}) 8. Qxg7 Rg8
9. Qxh7 cxd4 10. Ne2 Nbc6 11. f4 Bd7 12. Qd3 dxc3 13. Qxc3 $5 (13. Rb1 {or}) (
13. Nxc3 {could be good alternative to the text.}) 13... O-O-O 14. Rb1 Nf5 15.
Rg1 {[%cal Gg2g4]} d4 $5 16. Qd3 f6 17. exf6 e5 18. g4 Nh4 ({Worth considering
} 18... Nd6 {for example:} 19. g5 e4 20. Qb3 Kb8 21. f7 Rg7 22. h4 Rxf7 23. h5
d3 24. cxd3 exd3 25. Ng3 Qa5+ 26. Bd2 Re7+ 27. Be2 Qc5 $36 {0-1 Brenke,
A-Farago,I/Lippstadt 1994 (34)}) 19. f7 (19. h3 $5 e4 20. Qxe4 d3 21. cxd3 Rge8
22. Qc4 Be6 23. Qc3 Nf3+ 24. Kf2 Nxg1 25. Kxg1 Qh7 26. f5 Bxf5 27. gxf5 Qxf5
28. Nf4 Rd4 29. Rb4 $18 {1-0 Cladouras-Djurhuus/Gausdal Troll 1991 (41)}) 19...
Rxg4 20. Rxg4 Bxg4 21. Bh3 Qd7 22. Bxg4 Qxg4 23. Rb3 {A critical position of
the variation,since it is the end of series of more or less forced moves.} (23.
Qg3 $5 Qh5 (23... Qf3 24. Qxh4 e4 25. Ng1 Qh1 26. Kf1 Rf8 27. Qg4+ Kc7 28. Qg8
Qxh2 29. Qxf8 Qxc2 30. Qg7 Qxb1 31. f8=Q+ Kb6 {1-0 Anukhin,A-Hasanov,M/Kirov
sf-RUS 1993 (31)}) 24. Rb3 e4 25. Qg8 Qd5 26. Qg7 Nf3+ 27. Rxf3 exf3 28. f8=Q
Qe4 29. Qxd8+ Nxd8 30. Qe5 Qxc2 31. Nxd4 Qxc1+ 32. Kf2 Qd2+ 33. Kxf3 Qxh2 34.
Qf5+ Kb8 35. Qd7 {1/2-1/2 Gutsche,D-Anda,H/corr 2000}) 23... Qd7 $146 (23...
Ng2+ 24. Kf2 exf4 $2 (24... Nxf4 $1) 25. Qb5 $1 $18 (25. Qh3 Ne3 26. Nxf4 Qxh3
{1-0 Muzychuk,A-Harika,D/Wch G12 Oropesa del Mar 2001 (43)})) (23... Rf8 $5)
24. Qh3 $6 {Apart from this move, Paramonov had another interesting
continuation:} (24. fxe5 $142 Nxe5 (24... Ng2+ 25. Kf1 Nxe5 26. Qb5 $1 Qxf7+
27. Kxg2 Rd5 28. Qa4 $18) 25. Qe4 Nhg6 (25... Qxf7 26. Qxe5 Nf3+ 27. Rxf3 Qxf3
28. Bf4 $18 {[%csl Rc8]}) 26. Bf4 $5 Nxf4 27. Qxe5 $18 {and the position of
Black is almost desperate.}) 24... Nf5 $5 25. Ng3 Nd6 (25... Nxg3 $142 $5 26.
Qxd7+ Kxd7 27. hxg3 (27. Rxb7+ $5 Kc8 28. Rb5) 27... b6 28. fxe5 Nxe5 29. Bg5
$14) 26. Qxd7+ Kxd7 27. fxe5 Nxe5 28. Bf4 {And once again White fails to find
the better continuation!} (28. Bb2 $5 Nc6 (28... Rf8 29. Bxd4 Rxf7 30. Bxe5 (
30. Bxa7 Nf3+ 31. Ke2 Nxh2) 30... Re7 31. h4 $16) 29. Ne2 Rf8 30. Nxd4 $16)
28... Ke6 29. Bxe5 $2 {This move reverses the outcome of the game.} ({Even now
after the best} 29. Ne2 $142 $1 $16 {[%csl Rd4] black's position is not simple
at all.}) 29... Kxe5 30. Rf3 Rf8 {Amazingly, White has already lost winning
chances.} 31. Ke2 Rxf7 32. Rxf7 Nxf7 $11 33. Kd3 Kd5 34. c4+ $5 dxc3 35. Kxc3
a5 36. a4 1/2-1/2

[Event "FRA-ch"]
[Site "Val d'Isere"]
[Date "2004.08.20"]
[Round "5"]
[White "Le Roux, Jean Pierre"]
[Black "Apicella, Manuel"]
[Result "0-1"]
[WhiteElo "2489"]
[BlackElo "2532"]
[Annotator "Psakhis,L"]
[PlyCount "72"]
[EventDate "2004.08.16"]
[EventType "tourn"]
[EventRounds "11"]
[EventCountry "FRA"]
[EventCategory "13"]
[SourceTitle "CBM 103"]
[Source "ChessBase"]
[SourceDate "2004.11.11"]
[SourceVersion "1"]
[SourceVersionDate "2004.11.11"]
[SourceQuality "1"]

1. e4 e6 2. d4 d5 3. Nc3 Bb4 4. e5 Ne7 5. a3 Bxc3+ 6. bxc3 c5 7. Qg4 O-O 8. Nf3
$6 (8. Bd3 $142 $1) 8... Nbc6 9. Bd3 f5 10. exf6 Rxf6 11. Qh5 {It seems this
plan doesn't promise much, but after} (11. Bg5 e5 $5 (11... Rf7) 12. Qg3 Rxf3
$1 13. gxf3 c4 $44 {Blac has nothing to worry about}) 11... h6 12. Be3 $146 {
This move appears to be a novelty, but I doubt whether it's any better than 12.
..Ne5 which was previously tried in this position:} (12. Ne5 Nxe5 13. dxe5 (13.
Qxe5) 13... Rf8 14. O-O c4 15. Be2 Bd7 16. a4 Qc7 17. Ba3 Rf5 18. Bd6 Qc6 $11 {
0-1 Foldvary,F-O'Connor,J/corr ICCF Champions League 2002/ICCF Telechess CBM
94 (23)}) (12. O-O Bd7 (12... c4 13. Be2 Bd7 14. Rb1 b6 15. Ne5 Nxe5 16. Qxe5
Ng6 17. Qg3 Ba4 18. Rb2 Qe7 19. Bh5 Kh7 20. Re1 Raf8 $36 {0-1 Nunez Garcia,
A-Moreno Ruiz,J/Madrid-ch 2004 (40)}) 13. Re1 c4 14. Be2 Be8 15. Qh3 Qa5 16.
Bd2 Bg6 17. Bd1 Raf8 18. Re2 Be4 19. Ne5 Nxe5 20. dxe5 Rg6 $17 {Lau,
R-Vladimirov,E/Moscow GMA-op 1989/0-1 (39)}) 12... c4 13. Be2 Qf8 {[%cal Gc8d7,
Gd7e8]} (13... Qa5 $5 14. Bd2 Ng6 {with a great game for Black.}) 14. O-O Bd7
15. Rae1 Ng6 {[%cal Gf8a3,Gg6f4] White must have mixed up something: black's
position is very promising and he has many simple and strong plans.} (15... Be8
$5 16. Qg4 Bg6 $36 {[%csl Ra3,Rc2,Gg6] could be a good alternative to the text.
}) 16. Kh1 (16. Ra1 {[%csl Ra1] looks too passive}) 16... Qxa3 17. g4 Nf4 (
17... Be8 $5 18. g5 hxg5 19. Bxg5 (19. Nxg5 Nf8 {[%cal Ga3c3]}) 19... Rf5 $17)
18. Bxf4 Rxf4 19. g5 Be8 ({I would prefer} 19... Rf5 $5 20. Qg4 h5 $5 21. Qxh5
Qxc3 22. Nh4 Be8 23. Qg4 Nxd4 $5 24. Nxf5 exf5 $17 {[%cal Ge8c6]}) 20. Qh3 h5
$5 21. Nh4 $6 ({I think White should have taken his chances with} 21. Qxe6+ Bf7
22. Qd7 Qe7 $5 $15) 21... Nxd4 $1 {[%cal Ga3h3]} 22. Bd1 Rxh4 $1 (22... Nf5 23.
Nxf5 Rxf5 24. Rxe6 Qf8 25. Bxh5 Bxh5 26. Qxh5 Rxf2 $17) 23. Qxh4 Qxc3 24. Bxh5
(24. Re3 Qd2 {[%csl Gd4]}) 24... Nf3 $1 (24... Nf5 25. Qg4 Qxc2 26. Rxe6 Bd7
27. Re5 $132) 25. Qh3 ({Even after the best} 25. Bxf3 $142 Qxf3+ 26. Kg1 Qf5
$17 {Black would have had many pawns and a serious initiative for a exchange.})
25... Bxh5 26. Re3 (26. Qxh5 Nxe1 27. g6 Qf3+ $19) 26... Nxg5 $1 27. Qxh5 Qf6
28. Rg1 Ne4 29. Rf3 (29. Rg6 $5 Qf5 30. Qh6 Qf7) 29... Qe7 30. Rf4 Rf8 31. Rh4
(31. Rxf8+ Qxf8 32. f3 Nc5 $19) 31... Nxf2+ 32. Kg2 Rf5 $1 {Le Roux has
managed to avoid immediate defeat but his position is desperate anycase..} 33.
Qh7+ Kf7 34. Rh5 Rf4 $1 $19 35. h3 Qf6 (35... Ne4 $5) 36. Kh2 Ne4 {A glorious
finish of the knight march!} 0-1

[Event "EU-ch 2nd"]
[Site "Ohrid"]
[Date "2001.06.05"]
[Round "5"]
[White "Smirnov, Pavel"]
[Black "Kristjansson, Stefan"]
[Result "0-1"]
[WhiteElo "2511"]
[BlackElo "2371"]
[Annotator "Psakhis,L"]
[PlyCount "76"]
[EventDate "2001.06.01"]
[EventType "swiss"]
[EventRounds "13"]
[EventCountry "YUG"]
[SourceTitle "CBM 084"]
[Source "ChessBase"]
[SourceDate "2001.09.13"]
[SourceVersion "1"]
[SourceVersionDate "2001.09.13"]
[SourceQuality "1"]

1. e4 e6 2. d4 d5 3. Nc3 Bb4 4. e5 Ne7 5. a3 Bxc3+ 6. bxc3 c5 7. Qg4 Kf8 8. h4
Qa5 9. Bd2 Qa4 10. Rc1 $6 {I don't like this passive move - if white wants
pretend for advantage he has to choose between} (10. h5 $5 h6 11. Rh3 Nbc6 12.
Qf4 (12. Rf3 $4 Nxe5 13. Qf4 Nxf3+ 14. Nxf3 c4 $19 {Kveinis,A-Tatabadze,T/
Belgorod 1989/0-1 (43)}) 12... b6 13. Rf3 Nd8 14. dxc5 $5 Qxf4 15. Rxf4 bxc5
16. c4 Ndc6 17. Nf3 g5 18. hxg6 Nxg6 19. Rg4 Ncxe5 20. Nxe5 Nxe5 21. Rh4 h5 $13
{1-0 Dominguez,L-Pogorelov,R/Ubeda op 2001/ (55)}) ({or} 10. Kd1 $5 Nbc6 11.
Nf3 h6 12. h5 b6 13. Qf4 cxd4 (13... Ba6 14. dxc5 Qxf4 15. Bxf4 Bxf1 16. Rxf1
bxc5 17. Rb1 Nb8 18. Rb7 Ke8 19. Ke2 {Bouton,C-Nogueiras,J/Linares 1997/Inf 69
(19)}) 14. Nxd4 Nxd4 15. cxd4 (15. Qxd4 $5) 15... Ba6 16. Bxa6 Qxa6 17. Bb4 Ke8
18. Kd2 Rc8 $132 {0-1 Rodriguez,A-Dolmatov,S/Sochi 1988/Inf 46 (40) with
interesting and complicated posistions in both  cases.}) 10... Nbc6 11. h5 h6
12. Nf3 b6 $1 {[%cal Gc8a6] Typical move - white light coloured bishop much
stronger than his black colleague and Kristjansson prepares his exchange.} 13.
Rh3 Ba6 14. Bxa6 Qxa6 15. Nh4 cxd4 $146 {Inaccuracy!} (15... Qc4 $5 {[%cal
Rc6e5]} 16. Rg3 Rg8 17. Qf4 Ke8 $1 {was stronger, for example} 18. Rf3 Kd7 19.
Qe3 cxd4 20. cxd4 Nxd4 21. Rxf7 Ke8 22. Rf4 Nxc2+ 23. Rxc2 Qxc2 $19 {0-1
Malinin,V-Legky,N/Paris-ch 2000/ (44)}) 16. cxd4 Qc4 17. Rg3 $6 {Mistake} (17.
Nf3 Nf5) ({White had to play} 17. Bc3 $1 Nxe5 18. Qf4 Nd7 19. Ng6+ Nxg6 20.
hxg6 $132 {with unclear consequences.}) 17... Rg8 $6 ({White will need good
advice after brave} 17... Nxd4 $1 18. Qxg7+ Ke8 19. Re3 (19. Qg4 Nxc2+) (19.
Qxh8+ $2 Kd7 $19) 19... Rg8 $17) 18. c3 Rc8 19. f4 (19. Qf4 Ke8 $1) 19... f5
20. exf6 ({Black doing well after} 20. Qd1 $142 $5 Kf7 $15 {but, maybe , it
was less evil.}) 20... gxf6 21. Ng6+ (21. Qh3 Kf7 (21... f5 $5)) 21... Kf7 22.
Qh3 (22. Nh8+ Ke8 $1) 22... Nf5 23. Rd3 Nce7 24. g4 Nd6 $17 {[%csl Rc1,Re1]
[%cal Gd6e4] Black's advantage is obvious now, his knight is going to e4,
white king is weak.} 25. Re3 Ne4 26. f5 exf5 27. gxf5 Rce8 {[%csl Rf5][%cal
Ge8e1,Ge4d6]} 28. Qg4 Qc8 $2 {Frivolous move!} ({After} 28... Nd6 $1 {[%csl
Rf5] Black could get decisive advantage}) 29. Rf3 $2 {Final mistake!} ({
In the case of correct} 29. c4 $1 Qd7 $1 (29... Qxf5 $6 30. Qxf5 Nxf5 31. cxd5
$1 Nxe3 $140 $4 32. Rc7+ $18) 30. cxd5 Nd6 $132 {willbe very difficult to
predict result of the game.}) 29... Ng5 $1 $19 {[%csl Re1] Rest is simple} 30.
Nxe7 Rxe7+ 31. Kd1 Nxf3 (31... Qc4 $1 $19 {Was even easy.}) 32. Qxf3 Qc4 33.
Kc2 Re2 $19 34. Rd1 Rgg2 35. Qf4 Rxd2+ $1 36. Rxd2 Qa2+ 37. Kd3 (37. Kc1 Rg1+
38. Rd1 Qa1+ $19) 37... Qb1+ 38. Ke3 Qe1+ (38... Qe1+ 39. Kf3 Rxd2 40. Qc7+ Qe7
{Interesting game, in spite of numerous mistakes.}) 0-1

[Event "SUI-ch"]
[Site "Leukerbad"]
[Date "2002.07.12"]
[Round "2"]
[White "Jenni, Florian"]
[Black "Pelletier, Yannick"]
[Result "0-1"]
[WhiteElo "2505"]
[BlackElo "2571"]
[Annotator "Psakhis,L"]
[PlyCount "92"]
[EventDate "2002.07.11"]
[EventType "tourn"]
[EventRounds "9"]
[EventCountry "SUI"]
[EventCategory "9"]
[SourceTitle "CBM 091"]
[Source "ChessBase"]
[SourceDate "2002.11.12"]
[SourceVersion "1"]
[SourceVersionDate "2002.11.12"]
[SourceQuality "1"]

1. e4 e6 2. d4 d5 3. Nc3 Bb4 4. e5 Ne7 5. a3 Bxc3+ 6. bxc3 c5 7. Nf3 Bd7 8. h4
Qa5 9. Bd2 Nbc6 10. h5 h6 11. Bd3 (11. Rh4 c4 12. Rg4 Rg8 13. Nh4 O-O-O 14. Qf3
Qa4 15. Kd1 Nf5 $13 {0-1 Rantanen,Y-Vaganian,R/Tallinn 27/254 1979 (44)}) 11...
c4 (11... O-O-O $5 12. O-O c4 13. Be2 Kb8 14. g3 Ka8 15. Nh4 Nf5 16. Ng2 Qa4
17. Bg4 Bc8 18. Ra2 Rhf8 $11 {1/2-1/2 Ivanchuk,V-Dolmatov,S/EUR-Cup Panormo
2001/ (74)}) 12. Bf1 (12. Be2 f6 13. exf6 gxf6 14. Nh4 (14. Rb1 O-O-O 15. Qc1
Rdg8 16. Kf1 Nf5 17. Nh4 Nce7 18. g4 Nxh4 19. Rxh4 Nc6 20. Rh3 e5 $36 {0-1
Drei,A-Naumkin,I/Montecatini Terme 2001/ (37)}) 14... O-O-O 15. Bg4 Qc7 16. O-O
e5 17. dxe5 fxe5 18. f4 e4 19. f5 Ne5 $132 {1/2-1/2 Kuczynski,R-Rozentalis,E/
BL 1993 (29)}) 12... f6 (12... O-O-O 13. g3 f6 14. exf6 gxf6 15. Bh3 e5 16.
Bxd7+ Rxd7 17. Nh4 Qd8 18. Be3 Qg8 $15 {1/2-1/2 Saravanan,V-Berelovich,A/
Calcutta op 1998 (43)}) 13. Qe2 O-O-O 14. g3 Rdf8 $146 (14... Qa4 15. Bf4 g5
16. hxg6 Nxg6 17. Bxh6 fxe5 $132 {Berzinsh,R-Kupruks,R/Latvia ch 1993/1-0 (41)}
(17... Qa5 $5)) 15. Bh3 Nd8 16. O-O ({Worth considering} 16. exf6 $142 $5 gxf6
17. O-O {with interesting possibilities for both sides.}) 16... f5 $1 {Good
idea, Black keeps the position as closed as possible, it's still about equal,
but white fails to find a correct plan and is being outplayed move by move.}
17. Nh4 Be8 18. Kh2 g5 $1 19. hxg6 Nxg6 20. Ng2 (20. Nf3 f4 $5) ({Black will
have easy game after} 20. Nxg6 Bxg6 {[%cal Gd8f7,Gf7g5,Gh6h5]}) 20... Nf7 21.
Nf4 Nxf4 22. gxf4 (22. Bxf4 Ng5 $15) 22... Rfg8 {Black has a better pawn
structure, which enables him to try various plans here, while White has to
stay passive. Such positions are very difficult to hold} 23. Rg1 (23. Qd1 {
[%cal Gf1g1]}) 23... Rxg1 24. Rxg1 $2 {White takes too much risk} ({Modest} 24.
Kxg1 $1 $15 {was better try}) 24... Qxa3 25. Qd1 Nd8 $1 $17 {It looks that
White has lost simply his pawn without getting any compensation.} 26. Qb1 Qe7
27. Qa1 Nc6 28. Rg3 Bf7 (28... Bh5 $5) 29. Bc1 Rg8 30. Ba3 Qh4 31. Qc1 (31. Bc1
$1) 31... Qd8 32. Bd6 Rxg3 33. fxg3 Bh5 34. Kg2 Qg8 {[%cal Gh5g4]} 35. Kf2 Qg6
(35... Bg4 $5) 36. Qh1 Bg4 37. Bg2 Qh5 38. Qxh5 Bxh5 $19 {[%csl Ga7,Rg2]
White's bishops are quite weak now and Black has both positional and material
advantage, so the rest is pretty clear.} 39. Ke1 (39. Bf8 Bd1) 39... Bg4 40.
Bf8 h5 41. Kd2 Kd7 42. Kc1 Ke8 43. Bg7 $6 (43. Bd6 $142 Kf7 {[%cal Gf7g6,Gh5h4,
Gg6h5]}) 43... b5 44. Bf6 a5 45. Kb2 Na7 (45... b4 $5) 46. Bh4 b4 {[%cal Ga7b5]
} 0-1